00438nam a22001217a 4500008004100000040005500041080002500096245008800121260007100209300001100280650001100291653001400302230531b |||||||| |||| 00| 0 eng d aNational Science LibrarycNational Science Library a615.78(082.2) bK6.1 aCNS drugs: bA symposium held at the regional research laboratory Hyderabad, India  aNew Delhi: bCouncil of Scientific & Industrial Research, c367p.  a367p.  aDrugs  aResearch